Resonancias del camino / (Record no. 168236)
[ view plain ]
| 000 -LEADER | |
|---|---|
| campo de control de longitud fija | 00560nam a22001695i 4500 |
| 001 - NÚMERO DE CONTROL | |
| campo de control | 168236 |
| 003 - IDENTIFICADOR DE NÚMERO DE CONTROL | |
| campo de control | ES-MaACL |
| 005 - FECHA Y HORA DE LA ÚLTIMA TRANSACCIÓN | |
| campo de control | 20230906213728.0 |
| 008 - DATOS DE LONGITUD FIJA--INFORMACIÓN GENERAL | |
| campo de control de longitud fija | 990916s1896 fr |||| | spa d |
| 100 1# - ENTRADA PRINCIPAL--NOMBRE DE PERSONA | |
| Nombre de persona | Zorrilla de San Martín, Juan. |
| 9 (RLIN) | 118357 |
| 245 10 - MENCIÓN DEL TÍTULO | |
| Título | Resonancias del camino / |
| Mención de responsabilidad, etc. | Juan Zorrilla de San Martin. |
| 260 ## - PUBLICACIÓN, DISTRIBUCIÓN, ETC. | |
| Lugar de publicación, distribución, etc. | Paris : |
| Nombre del editor, distribuidor, etc. | [s.n.], |
| Fecha de publicación, distribución, etc. | 1896 ( |
| Fabricante | Imp. Nouvelle - Association Ouvrière) |
| 300 ## - DESCRIPCIÓN FÍSICA | |
| Extensión | 364 p. ; |
| Dimensiones | 19 cm. |
| 651 #0 - PUNTO DE ACCESO ADICIONAL DE MATERIA--NOMBRE GEOGRÁFICO | |
| Nombre geográfico | Europa- |
| Subdivisión general | Descripción- |
| Subdivisión cronológica | S.XIX. |
| 9 (RLIN) | 8595 |
| 752 ## - ENTRADA AGREGADA--NOMBRE JERÁRQUICO DEL LUGAR | |
| País o entidad superior | Francia - |
| Ciudad | París |
| 852 ## - LOCALIZACIÓN | |
| Ubicación | ES-MaACL |
| Número de control de estantería | G-7404 |
| Nota libre | - Enc. hol. |
| Estatus retirado | Estado de pérdida | Estado de daño | No para préstamo | Colección | Biblioteca de origen | Biblioteca actual | Ubicación en estantería | Fecha de adquisición | Fuente de adquisición | Total de préstamos | Signatura topográfica completa | Código de barras | Visto por última vez | Precio de reemplazo | Tipo de ítem Koha |
|---|---|---|---|---|---|---|---|---|---|---|---|---|---|---|---|
| Libros del s. XIX | Biblioteca del Ateneo de Madrid | Biblioteca del Ateneo de Madrid | Depósito 2 | 17/01/2008 | G-7404 | 1176524 | 23/02/2023 | 23/02/2023 | Libro impreso antiguo |
